[Event "Titled Tue 1st Jul Early"]
[Site "chess.com INT"]
[Date "2025.07.01"]
[Round "9"]
[White "Mayaud, Raphael"]
[Black "Duarte Cramer, Lily Jeanette"]
[Result "0-1"]
[WhiteTitle "CM"]
[BlackTitle "WCM"]
[WhiteElo "2126"]
[BlackElo "1828"]
[WhiteFideId "627151"]
[BlackFideId "29620180"]
[EventDate "2025.07.01"]

1. c4 c6 2. Nf3 d5 3. g3 e6 4. Bg2 Nf6 5. O-O Bd6 6. d4 O-O 7. Qc2 Nbd7 8. Nbd2
Re8 9. e4 Nxe4 10. Nxe4 dxe4 11. Qxe4 Nf6 12. Qc2 Qc7 13. b3 e5 14. dxe5 Bxe5
15. Nxe5 Qxe5 16. Bb2 Qf5 17. Qc3 Be6 18. Rad1 Rad8 19. Rd4 Rxd4 20. Qxd4 Qa5
21. a3 Rd8 22. Qe5 Qb6 23. Qc3 Bf5 24. b4 h6 25. c5 Qb5 26. Re1 Qd3 27. Bf1 Qxc3
28. Bxc3 Ne4 29. Be5 Nd2 30. Bg2 Nc4 31. Bc7 Rd7 32. Bb8 Nxa3 33. Bxa7 Nc2 34.
Re8+ Kh7 35. Bf3 Nxb4 36. Bg2 Rd1+ 37. Bf1 Bh3 0-1

[Event "Titled Tue 1st Jul Early"]
[Site "chess.com INT"]
[Date "2025.07.01"]
[Round "9"]
[White "Grabinsky, Vladimir"]
[Black "Gutman, Gennadi"]
[Result "1-0"]
[WhiteTitle "IM"]
[BlackTitle "GM"]
[WhiteElo "2192"]
[BlackElo "2445"]
[WhiteFideId "14107074"]
[BlackFideId "14102277"]
[EventDate "2025.07.01"]

1. e4 c6 2. d4 d5 3. e5 Bf5 4. Nf3 e6 5. Be2 c5 6. Be3 Nc6 7. dxc5 Bxc5 8. Bxc5
Qa5+ 9. b4 Nxb4 10. Bxb4 Qxb4+ 11. Nbd2 Ne7 12. Rb1 Qc5 13. Rxb7 Bxc2 14. Qc1
O-O 15. Rxe7 Qxe7 16. Qxc2 Rfc8 17. Qd1 Rab8 18. O-O Rb2 19. Qa4 h6 20. Bd3 Qc5
21. Nb3 Qc3 22. Ba6 Rb8 23. Rc1 Rc2 24. Rxc2 Qxc2 25. Bf1 a5 26. Qxa5 Qb2 27.
Qd2 1-0

[Event "Titled Tue 1st Jul Early"]
[Site "chess.com INT"]
[Date "2025.07.01"]
[Round "9"]
[White "Porozhnyak, Maya"]
[Black "Li, Yilin"]
[Result "1-0"]
[WhiteTitle "WCM"]
[BlackTitle "WFM"]
[WhiteElo "1953"]
[BlackElo "1922"]
[WhiteFideId "34115843"]
[BlackFideId "8610410"]
[EventDate "2025.07.01"]

1. e4 c5 2. Nf3 a6 3. d4 cxd4 4. c3 dxc3 5. Nxc3 d6 6. Bc4 e6 7. O-O Nf6 8. Bf4
Be7 9. Qe2 O-O 10. Rfd1 Ne8 11. Rac1 b5 12. Bb3 Bb7 13. e5 d5 14. Bc2 Qa5 15.
Ng5 Bxg5 16. Bxg5 Nc7 17. Qd3 g6 18. Bf6 Qb4 19. Qe3 Rc8 20. Rd4 Qf8 21. Rh4 Nd7
22. Qh3 Nxf6 23. exf6 h5 24. Rxh5 gxh5 25. Qxh5 Qg7 26. fxg7 Kxg7 27. Qg5+ Kf8
28. Bh7 Ne8 29. Re1 Rc4 30. Qg8+ Ke7 31. Bg6 Nd6 32. Qh7 Rf8 33. Bb1 Ke8 34. Qd3 1-0

[Event "Titled Tue 1st Jul Early"]
[Site "chess.com INT"]
[Date "2025.07.01"]
[Round "9"]
[White "Babayeva, Nasrin"]
[Black "Klys, Kacper"]
[Result "0-1"]
[WhiteTitle "WFM"]
[BlackTitle "CM"]
[WhiteElo "1936"]
[BlackElo "2124"]
[WhiteFideId "13416626"]
[BlackFideId "21005281"]
[EventDate "2025.07.01"]

1. c4 e5 2. g3 Nc6 3. Bg2 d6 4. Nc3 g6 5. e4 Nge7 6. Nge2 Bg7 7. O-O O-O 8. d3
a6 9. a3 Nd4 10. b4 c5 11. Bb2 Bd7 12. Rb1 Bc6 13. f4 f5 14. Nd5 Nxd5 15. exd5
Bd7 16. bxc5 dxc5 17. fxe5 Bxe5 18. Bxd4 cxd4 19. Rxb7 Qe7 20. Nf4 Qd6 21. Ne6
Rfb8 22. Rxb8+ Rxb8 23. Re1 Bf6 24. Qa1 Rb3 25. c5 Qb8 26. Nxd4 Rxd3 27. Rd1
Bxd4+ 28. Qxd4 Rxd4 29. Rxd4 Qb1+ 30. Bf1 Qb2 0-1

[Event "Titled Tue 1st Jul Early"]
[Site "chess.com INT"]
[Date "2025.07.01"]
[Round "9"]
[White "Slovineanu, Viacheslav"]
[Black "Sava, Robert-Gabriel"]
[Result "0-1"]
[WhiteTitle "IM"]
[BlackTitle "CM"]
[WhiteElo "2412"]
[BlackElo "2121"]
[WhiteFideId "13900510"]
[BlackFideId "1265725"]
[EventDate "2025.07.01"]

1. d4 e6 2. c4 b6 3. Nf3 Bb7 4. e3 Bb4+ 5. Nbd2 f5 6. Bd3 Nf6 7. O-O O-O 8. a3
Bxd2 9. Nxd2 a5 10. b3 d6 11. Bb2 Nbd7 12. Qe2 Qe7 13. e4 fxe4 14. Nxe4 Nxe4 15.
Bxe4 Bxe4 16. Qxe4 Nf6 17. Qe2 Rae8 18. Rfe1 Qf7 19. Rad1 Ne4 20. f3 Nf6 21. Qf2
Nh5 22. Qh4 Nf4 23. Bc1 Nxg2 24. Kxg2 Qxf3+ 25. Kg1 Rf6 26. Bg5 Rg6 27. Rd2 h6
28. Rg2 hxg5 29. Rxg5 Qf6 0-1

[Event "Titled Tue 1st Jul Early"]
[Site "chess.com INT"]
[Date "2025.07.01"]
[Round "9"]
[White "Storey, Charles H"]
[Black "Raptis, Nick"]
[Result "0-1"]
[WhiteTitle "FM"]
[BlackTitle "FM"]
[WhiteElo "2102"]
[BlackElo "2220"]
[WhiteFideId "406686"]
[BlackFideId "2016850"]
[EventDate "2025.07.01"]

1. e4 e6 2. d4 d5 3. Nc3 Nf6 4. Bg5 Be7 5. e5 Nfd7 6. Bxe7 Qxe7 7. f4 O-O 8. Nf3
c5 9. Bd3 cxd4 10. Ne2 f6 11. Nexd4 Nc6 12. Nxc6 bxc6 13. Qe2 Qb4+ 14. c3 Qxf4
15. exf6 Qxf6 16. O-O e5 17. Nxe5 Qxe5 18. Rxf8+ Kxf8 19. Qc2 h6 20. Bh7 Nf6 21.
Rf1 Bd7 22. Qa4 Re8 23. Bg6 Qe3+ 24. Kh1 Re7 25. Qb4 Be8 26. Bh7 Qe2 27. Qf4 Qe5
28. Qf2 Bf7 29. Bc2 Qe2 30. Qf5 Bg6 31. Qc8+ Re8 32. Qxe8+ Bxe8 0-1

[Event "Titled Tue 1st Jul Early"]
[Site "chess.com INT"]
[Date "2025.07.01"]
[Round "9"]
[White "Rustamov, Rustam"]
[Black "Punin, Andrii"]
[Result "1-0"]
[WhiteTitle "FM"]
[BlackTitle "FM"]
[WhiteElo "2323"]
[BlackElo "2289"]
[WhiteFideId "13440110"]
[BlackFideId "14112639"]
[EventDate "2025.07.01"]

1. e4 d5 2. exd5 Qxd5 3. Nc3 Qa5 4. a3 c6 5. Nf3 Nf6 6. d4 Bg4 7. Bc4 e6 8. h3
Bh5 9. g4 Bg6 10. Qe2 Nbd7 11. h4 Nxg4 12. Ng5 Bf5 13. Bd2 Bb4 14. O-O-O Bxc3
15. Bxc3 Qc7 16. Bxe6 fxe6 17. Nxe6 Bxe6 18. Qxe6+ Kd8 19. Qxg4 Nf6 20. Qg5 h6
21. Qg6 Nd5 22. Rhg1 Nxc3 23. bxc3 Rf8 24. Qxg7 Qxg7 25. Rxg7 Kc8 26. Re1 a5 27.
Ree7 Ra7 28. Rc7+ Kb8 29. Rcf7 Re8 30. Re7 Rf8 31. f4 a4 32. f5 Ra5 33. Rxb7+
Ka8 34. Rbc7 Raxf5 35. Ra7+ Kb8 36. Rgb7+ Kc8 37. Rb6 Rf1+ 38. Kb2 R8f3 39.
Rxc6+ Kb8 40. Rxa4 Rh3 41. Rb4+ Ka7 42. Rc5 Ka6 43. Rc6+ Ka7 44. Rxh6 Rhh1 45.
Rh7+ Ka6 46. Kb3 Rhg1 47. Rh8 Ka7 48. h5 Rb1+ 49. Kc4 Ra1 50. h6 Rh1 51. h7 Rxa3
52. Rb3 Ra4+ 53. Kb5 Ra6 54. Ra8+ Kxa8 55. Kxa6 Rxh7 56. Kb6 Rb7+ 57. Kc5 Rc7+
58. Kd6 Rh7 59. c4 Rh6+ 60. Kc5 Ka7 61. d5 Ka6 62. d6 Rh8 63. d7 Rh5+ 64. Kc6
Rh6+ 65. Kc7 Rh7 66. Ra3# 1-0

[Event "Titled Tue 1st Jul Early"]
[Site "chess.com INT"]
[Date "2025.07.01"]
[Round "9"]
[White "Khazhatuly, Alikhan"]
[Black "Leiva, Gianmarco"]
[Result "0-1"]
[WhiteTitle "CM"]
[BlackTitle "IM"]
[WhiteElo "2172"]
[BlackElo "2387"]
[WhiteFideId "13731335"]
[BlackFideId "3804399"]
[EventDate "2025.07.01"]

1. e4 c5 2. Nf3 d6 3. d4 cxd4 4. Nxd4 Nf6 5. Nc3 a6 6. Bg5 e6 7. f4 Qb6 8. Rb1
Nc6 9. Nxc6 bxc6 10. Qf3 d5 11. Bxf6 gxf6 12. e5 fxe5 13. fxe5 Qd4 14. Qf6 Rg8
15. Ne2 Qe4 16. Qf4 Qxc2 17. Nc3 Rb8 18. Qd2 Qxd2+ 19. Kxd2 Bg7 20. g3 Bxe5 21.
Bd3 h5 22. Rhe1 Bd6 23. Re2 e5 24. Bc2 e4 25. b3 f5 26. Rbe1 Be6 27. Kc1 Kd7 28.
Nd1 h4 29. Rf1 hxg3 30. hxg3 Rxg3 31. Kb1 f4 32. Rh2 Rbg8 33. Nb2 f3 34. Na4
R8g7 35. Kb2 Be5+ 36. Ka3 Kd6 37. Rd1 Rg2 38. Rxg2 fxg2 39. Rg1 Bd4 40. Rxg2
Rxg2 41. Bd1 Rd2 42. Bh5 c5 43. Be8 Bf6 44. Bh5 Bd8 45. Be8 Ba5 0-1

[Event "Titled Tue 1st Jul Early"]
[Site "chess.com INT"]
[Date "2025.07.01"]
[Round "9"]
[White "Buscar, Michael"]
[Black "Romany, Joy"]
[Result "1-0"]
[BlackTitle "WIM"]
[WhiteElo "2016"]
[BlackElo "1960"]
[WhiteFideId "2603616"]
[BlackFideId "10656820"]
[EventDate "2025.07.01"]

1. d4 Nf6 2. c4 e6 3. Nc3 Bb4 4. e3 b6 5. Nf3 Bb7 6. Bd3 Bxc3+ 7. bxc3 O-O 8.
O-O d6 9. Ne1 e5 10. Qc2 Re8 11. Bb2 e4 12. Be2 Nbd7 13. g3 a5 14. Ng2 c5 15.
Rab1 Rc8 16. Rfd1 Qe7 17. Bf1 cxd4 18. cxd4 d5 19. Qb3 Ba8 20. Ba3 Qd8 21. Nf4
g5 22. Nxd5 Nxd5 23. cxd5 g4 24. d6 Nf6 25. Qxb6 Qd7 26. Qxa5 h6 27. Rdc1 Bc6
28. Qb6 Nd5 29. Qb3 Re6 30. Bc4 Rf6 31. Bxd5 Qf5 32. Rb2 h5 33. Rxc6 Rxc6 34.
Bxc6 h4 35. d7 h3 36. d8=Q+ Kh7 37. Bb5 Qf3 38. Bf1 1-0

[Event "Titled Tue 1st Jul Early"]
[Site "chess.com INT"]
[Date "2025.07.01"]
[Round "9"]
[White "Ibarra Jerez, Jose Carlos"]
[Black "Chan, Yi Ren Daniel"]
[Result "0-1"]
[WhiteTitle "GM"]
[BlackTitle "FM"]
[WhiteElo "2545"]
[BlackElo "2309"]
[WhiteFideId "2226332"]
[BlackFideId "5801583"]
[EventDate "2025.07.01"]

1. e4 c6 2. Nf3 d5 3. d3 dxe4 4. dxe4 Qxd1+ 5. Kxd1 Nf6 6. Nbd2 h5 7. Ne1 g5 8.
f3 g4 9. Nd3 Bh6 10. Nb3 Na6 11. c3 h4 12. h3 gxf3 13. gxf3 Nh5 14. Rg1 Ng3 15.
Bg2 Bxc1 16. Rxc1 Be6 17. Kc2 Ne2 18. Nd4 Nxc1 19. Rxc1 O-O-O 20. Bf1 Rhg8 21.
Nf4 Nb4+ 22. Kb1 Bxa2+ 23. Ka1 e5 24. Nf5 exf4 25. Ne7+ Kc7 26. Nxg8 Rxg8 27.
cxb4 Be6 28. Bc4 Bxc4 29. Rxc4 Rg3 30. e5 Rxf3 31. Rd4 a6 32. Ka2 Rf1 33. Kb3
Rf3+ 34. Kc4 Rf2 35. b3 Rf3 36. Rd6 Rxh3 37. Rf6 b5+ 38. Kc5 Rc3+ 39. Kd4 Rxb3
40. Rxf7+ Kb6 41. e6 Rxb4+ 42. Ke5 Rb1 43. e7 Re1+ 44. Kd6 h3 45. Rxf4 h2 46.
Rh4 h1=Q 47. Rxh1 Rxh1 48. e8=Q Rd1+ 49. Ke5 Re1+ 50. Kd6 Rxe8 0-1

[Event "Titled Tue 1st Jul Early"]
[Site "chess.com INT"]
[Date "2025.07.01"]
[Round "9"]
[White "Povshednyi, Ivan"]
[Black "Ashraf, Artin"]
[Result "0-1"]
[WhiteTitle "FM"]
[BlackTitle "FM"]
[WhiteElo "2307"]
[BlackElo "2428"]
[WhiteFideId "14190907"]
[BlackFideId "22514805"]
[EventDate "2025.07.01"]

1. Nf3 d5 2. g3 Nf6 3. Bg2 e6 4. O-O c5 5. c4 dxc4 6. Na3 Nbd7 7. Nxc4 b5 8.
Nfe5 bxc4 9. Nxf7 Kxf7 10. Bxa8 Nb6 11. Bg2 Qd7 12. b3 Bb7 13. bxc4 Bxg2 14.
Kxg2 Qd4 15. Qb3 Nxc4 16. Rb1 Qe4+ 17. Kg1 Qxe2 18. d3 Nb6 19. Bf4 Nfd5 20. Rfe1
Qf3 21. Be5 Be7 22. d4 Qxb3 23. axb3 c4 24. bxc4 Nxc4 25. Rb7 Nxe5 26. dxe5 Ra8
27. f4 a5 28. f5 exf5 29. e6+ Kf6 30. Rd1 Kxe6 31. Re1+ Kf6 32. Rd1 Nc3 33. Rdd7
Re8 34. Ra7 Bc5+ 35. Kg2 Bxa7 36. Rxa7 Re2+ 37. Kh3 Ne4 38. Rxa5 0-1

[Event "Titled Tue 1st Jul Early"]
[Site "chess.com INT"]
[Date "2025.07.01"]
[Round "9"]
[White "Milanovic, Vojislav"]
[Black "Goryachkina, Aleksandra"]
[Result "0-1"]
[WhiteTitle "IM"]
[BlackTitle "GM"]
[WhiteElo "2293"]
[BlackElo "2533"]
[WhiteFideId "905046"]
[BlackFideId "4147103"]
[EventDate "2025.07.01"]

1. e4 c5 2. Nf3 d6 3. Bb5+ Bd7 4. a4 g6 5. d3 Bg7 6. O-O a6 7. Bxd7+ Nxd7 8. a5
Ngf6 9. Nbd2 O-O 10. Nc4 Qc7 11. h3 Rad8 12. Bf4 e5 13. Bh2 Kh8 14. Qd2 Nb8 15.
b4 cxb4 16. Qxb4 Nc6 17. Qb6 Qe7 18. Qe3 d5 19. Ncxe5 Nb4 20. exd5 Nfxd5 21. Qd2
Nc6 22. Rfe1 Qc5 23. c4 Ndb4 24. Qg5 Nxd3 25. Nxd3 Qxg5 26. Nxg5 Bxa1 27. Nc5
Bc3 28. Rc1 Bd2 29. Nxf7+ Rxf7 30. Rb1 Bb4 31. Ne4 Bxa5 32. Bg3 Bc7 33. Bh4 Rb8
34. Nc5 Bd6 35. Ne6 Kg8 36. Rd1 Be5 37. Ng5 Rf4 38. Bg3 Rf5 39. Bh4 Bf6 40. Nf3
Rxf3 41. Bxf6 Rxf6 42. Rd7 Rf7 0-1

[Event "Titled Tue 1st Jul Early"]
[Site "chess.com INT"]
[Date "2025.07.01"]
[Round "9"]
[White "Pournami S"]
[Black "Bruhovich, Olexandr"]
[Result "0-1"]
[WhiteTitle "WCM"]
[BlackTitle "CM"]
[WhiteElo "1730"]
[BlackElo "2208"]
[WhiteFideId "25732439"]
[BlackFideId "14119919"]
[EventDate "2025.07.01"]

1. d4 Nf6 2. c4 g6 3. Nc3 Bg7 4. e4 d6 5. f4 O-O 6. Nf3 c5 7. d5 a6 8. Be2 b5 9.
cxb5 axb5 10. Bxb5 Qa5 11. Bd3 c4 12. Bc2 Na6 13. O-O Nb4 14. Bb1 Ng4 15. Kh1
Qb6 16. Qe2 Nd3 17. h3 Ndf2+ 18. Rxf2 Nxf2+ 19. Kh2 Nd3 20. Bxd3 cxd3 21. Qxd3
Ba6 22. Qc2 Rfc8 23. Bd2 Qf2 24. Qd1 Rab8 25. Rb1 Bd3 26. Be1 Qc2 27. Rc1 Qxb2
28. e5 Bf5 29. Nd4 dxe5 30. Nxf5 gxf5 31. fxe5 Bxe5+ 32. Kh1 Kh8 33. Ne2 Rxc1
34. Nxc1 Rg8 35. Qf3 Qxc1 36. Qe2 Qb2 37. Bd2 Qa1+ 38. Be1 Bc3 0-1

[Event "Titled Tue 1st Jul Early"]
[Site "chess.com INT"]
[Date "2025.07.01"]
[Round "9"]
[White "Andrade, Ivan"]
[Black "Perez Cruz, Adianet"]
[Result "1-0"]
[WhiteTitle "FM"]
[BlackTitle "WFM"]
[WhiteElo "2136"]
[BlackElo "1984"]
[WhiteFideId "14800039"]
[BlackFideId "3510115"]
[EventDate "2025.07.01"]

1. e4 e5 2. Nf3 Qe7 3. Bc4 h6 4. O-O Nf6 5. Re1 d6 6. h3 c6 7. c3 Qc7 8. d4 Nbd7
9. a4 Be7 10. a5 O-O 11. Qb3 Rb8 12. Nh4 b5 13. axb6 Nxb6 14. Ng6 Nxc4 15. Nxe7+
Kh7 16. Qxc4 Qxe7 17. dxe5 dxe5 18. Qxc6 Bb7 19. Rxa7 Bxc6 20. Rxe7 Bxe4 21. Nd2
Ba8 22. R7xe5 Rfd8 23. Re7 Kg8 24. f3 Nd5 25. Ra7 Nf4 26. Ree7 Bd5 27. Ne4 Nd3
28. Bxh6 Rxb2 29. Bg5 Rdb8 30. Red7 Be6 31. Rxd3 Rb1+ 32. Kh2 R8b2 33. Rd2 Rb5
34. Bf4 Re1 35. Ng5 g6 36. Nxe6 fxe6 37. Rd8# 1-0

[Event "Titled Tue 1st Jul Early"]
[Site "chess.com INT"]
[Date "2025.07.01"]
[Round "9"]
[White "Rietze, Clemens"]
[Black "Storn, Justin"]
[Result "1-0"]
[WhiteTitle "FM"]
[WhiteElo "2348"]
[BlackElo "2118"]
[WhiteFideId "24620351"]
[BlackFideId "30922720"]
[EventDate "2025.07.01"]

1. d4 g6 2. c4 Bg7 3. e4 d6 4. Nc3 Nc6 5. Be3 e5 6. Nge2 f5 7. f3 f4 8. Bf2 g5
9. Qd2 Nf6 10. O-O-O O-O 11. dxe5 dxe5 12. Qc2 Qe7 13. Nd5 Nxd5 14. cxd5 Nb4 15.
Qc4 b6 16. d6+ Be6 17. Qxb4 cxd6 18. Qxd6 Qf7 19. Nc3 Rfd8 20. Qa3 Rxd1+ 21.
Kxd1 Rd8+ 22. Kc1 Qd7 23. Be1 Bf8 24. Qa4 Qc7 25. Qc2 Bc5 26. Nd5 Qf7 27. Bc4
Rc8 28. Kb1 Bd4 29. Qd3 b5 30. Bb3 a6 31. Bd2 Kg7 32. Rc1 Rxc1+ 33. Bxc1 Qb7 34.
Bd2 Qa7 35. Bc3 Bf7 36. Bxd4 exd4 37. Nb4 Qc5 38. Nc2 Bc4 39. Bxc4 bxc4 40.
Qxd4+ Qxd4 41. Nxd4 1-0

[Event "Titled Tue 1st Jul Early"]
[Site "chess.com INT"]
[Date "2025.07.01"]
[Round "9"]
[White "Leinov, Roman"]
[Black "Ravshanov, Sheralijon"]
[Result "0-1"]
[WhiteTitle "CM"]
[BlackTitle "CM"]
[WhiteElo "2120"]
[BlackElo "2156"]
[WhiteFideId "13504649"]
[BlackFideId "14212170"]
[EventDate "2025.07.01"]

1. Nf3 Nf6 2. g3 g6 3. Bg2 Bg7 4. O-O O-O 5. c4 c5 6. Nc3 Nc6 7. d4 cxd4 8. Nxd4
a6 9. Nxc6 bxc6 10. e4 d6 11. Qc2 Qc7 12. b3 Bd7 13. Bb2 Qc8 14. Rfe1 Bh3 15.
Bh1 h5 16. e5 dxe5 17. Rxe5 h4 18. Rc5 hxg3 19. hxg3 Bf5 20. Qe2 Bg4 21. Qxe7
Re8 22. Qd6 Re6 23. Qd2 Nd7 24. Rxc6 Rxc6 25. Nd5 Qd8 26. Bxg7 Kxg7 27. Ne3 Qf6
28. Re1 Ne5 29. Nxg4 Nxg4 30. Bxc6 Qxc6 31. Qd4+ Nf6 32. Re7 Rh8 33. Kf1 Qf3 34.
Ke1 Rh1+ 35. Kd2 Rd1+ 0-1

[Event "Titled Tue 1st Jul Early"]
[Site "chess.com INT"]
[Date "2025.07.01"]
[Round "9"]
[White "Zong, Davis"]
[Black "Burovic, Rijad"]
[Result "0-1"]
[WhiteTitle "FM"]
[BlackTitle "IM"]
[WhiteElo "2242"]
[BlackElo "2420"]
[WhiteFideId "30903955"]
[BlackFideId "14407701"]
[EventDate "2025.07.01"]

1. d4 g6 2. c4 Bg7 3. Nf3 d6 4. g3 Nd7 5. Bg2 e5 6. Nc3 Nh6 7. O-O O-O 8. Bg5 f6
9. Bd2 c6 10. Qc2 f5 11. dxe5 dxe5 12. Rfd1 Qe8 13. e4 f4 14. b4 Nb6 15. c5 Nc4
16. Qb3 Be6 17. Ng5 fxg3 18. hxg3 Kh8 19. Nxe6 Qxe6 20. Bf1 Qf6 21. Be1 Ne3 22.
Rd3 Nxf1 23. Kxf1 Ng4 24. Qc2 Qg5 25. f3 Ne3+ 26. Rxe3 Qxe3 27. Bf2 Qxf3 28. Rd1
Rad8 29. Rxd8 Rxd8 30. Ne2 Bh6 31. Ng1 Rd1+ 32. Qxd1 Qxd1+ 33. Kg2 0-1

[Event "Titled Tue 1st Jul Early"]
[Site "chess.com INT"]
[Date "2025.07.01"]
[Round "9"]
[White "Shymanskyi, Oleksandr"]
[Black "Cordoba Roa, Angel Gabriel"]
[Result "0-1"]
[WhiteTitle "FM"]
[BlackTitle "FM"]
[WhiteElo "2218"]
[BlackElo "2396"]
[WhiteFideId "14168880"]
[BlackFideId "3957624"]
[EventDate "2025.07.01"]

1. e4 e5 2. Nf3 Nc6 3. Bc4 Nf6 4. d3 Bc5 5. c3 d6 6. O-O a5 7. a4 O-O 8. Re1 Be6
9. Nbd2 Ba7 10. Bxe6 fxe6 11. Nf1 d5 12. Qc2 Qd7 13. Be3 Bxe3 14. Nxe3 Rae8 15.
Rad1 h6 16. d4 Nxe4 17. Nxe5 Nxe5 18. dxe5 Qc6 19. f3 Nc5 20. Rd4 Nd7 21. Ng4
Rf5 22. f4 Qb6 23. Ne3 Rff8 24. g3 c5 25. Rdd1 Rf7 26. Qg6 Nf8 27. Qc2 c4 28.
Rd4 Nd7 29. Re2 Nc5 30. Qg6 Qc6 31. Ng4 Kf8 32. Kg2 Nb3 33. Rd1 d4+ 34. Kh3 d3
35. Rf2 Ke7 36. Ne3 Ref8 37. f5 exf5 38. Nxf5+ Rxf5 39. Qxg7+ R8f7 40. Qg4 Rxf2
41. Qh4+ Kd7 42. Re1 Qe6+ 43. g4 R7f3+ 0-1

[Event "Titled Tue 1st Jul Early"]
[Site "chess.com INT"]
[Date "2025.07.01"]
[Round "9"]
[White "Aarit Kapil"]
[Black "Karvatskyi, Oleksii"]
[Result "1-0"]
[WhiteTitle "CM"]
[BlackTitle "CM"]
[WhiteElo "2020"]
[BlackElo "2258"]
[WhiteFideId "33408947"]
[BlackFideId "14191059"]
[EventDate "2025.07.01"]

1. e4 c5 2. Nf3 d6 3. d4 cxd4 4. Nxd4 Nf6 5. Nc3 g6 6. Be3 Bg7 7. f3 a6 8. Qd2
h5 9. O-O-O b5 10. h3 Bb7 11. Rg1 Nbd7 12. g4 Nc5 13. g5 Nfd7 14. b4 Ne6 15.
Nxe6 fxe6 16. h4 O-O 17. Bh3 Ne5 18. Bxe6+ Kh7 19. f4 Nc4 20. Bxc4 bxc4 21. f5
a5 22. fxg6+ Kxg6 23. b5 a4 24. Bd4 Qa5 25. Bxg7 Kxg7 26. g6 Rf3 27. Qd4+ Kg8
28. Qxc4+ Kg7 29. Qd4+ Kg8 30. Nd5 Re8 31. Rg5 Bxd5 32. Qxd5+ e6 33. Qd4 e5 34.
Qc4+ Kg7 35. Rxh5 Qb6 36. Qc6 Qe3+ 37. Kb1 Qa3 38. Qd7+ Kxg6 39. Qxe8+ Rf7 40.
Rg5+ Kf6 41. Rf1+ Qf3 42. Rxf3# 1-0

[Event "Titled Tue 1st Jul Early"]
[Site "chess.com INT"]
[Date "2025.07.01"]
[Round "9"]
[White "Paltrinieri, Nicholas"]
[Black "Ismagilov, Damir"]
[Result "0-1"]
[WhiteTitle "FM"]
[BlackTitle "CM"]
[WhiteElo "2359"]
[BlackElo "2173"]
[WhiteFideId "828262"]
[BlackFideId "34199982"]
[EventDate "2025.07.01"]

1. d4 Nf6 2. Bg5 d5 3. Bxf6 gxf6 4. c4 Nc6 5. e3 e5 6. dxe5 Bb4+ 7. Nc3 d4 8.
exd4 Qxd4 9. Qxd4 Nxd4 10. O-O-O fxe5 11. Nd5 Bd6 12. f4 Be6 13. Nf3 Nxf3 14.
gxf3 exf4 15. c5 Be5 16. Bb5+ c6 17. Rhe1 Bb8 18. Ba4 Kf8 19. Nf6 Bc7 20. Nd7+
Ke7 21. Bb3 Rad8 22. Ne5 Rxd1+ 23. Kxd1 Rd8+ 24. Kc2 Rg8 25. Nxf7 Rg2+ 26. Kc1
Kxf7 27. Rxe6 Kf8 28. h4 Rg1+ 29. Kc2 Rg2+ 30. Kd3 Rxb2 31. Rf6+ Ke8 32. Rh6 Kd8
33. Rxh7 a5 34. Be6 Be5 35. Rxb7 Rxb7 0-1

[Event "Titled Tue 1st Jul Early"]
[Site "chess.com INT"]
[Date "2025.07.01"]
[Round "9"]
[White "Durarbayli, Vasif"]
[Black "Smirnov, Mark"]
[Result "1-0"]
[WhiteTitle "GM"]
[BlackTitle "FM"]
[WhiteElo "2612"]
[BlackElo "2352"]
[WhiteFideId "13402935"]
[BlackFideId "13764594"]
[EventDate "2025.07.01"]

1. c4 Nf6 2. Nc3 e6 3. e4 d5 4. exd5 exd5 5. d4 Bb4 6. Bd3 O-O 7. Ne2 dxc4 8.
Bxc4 Nbd7 9. O-O Nb6 10. Bb3 h6 11. Ng3 Bg4 12. f3 Be6 13. Bxe6 fxe6 14. Re1 Re8
15. a3 Bd6 16. Be3 Nbd5 17. Bf2 c6 18. Qc2 e5 19. Nxd5 Nxd5 20. Qg6 Nf4 21. Qg4
Nd3 22. Nf5 Qf6 23. Bh4 g5 24. Re3 Nf4 25. Rae1 Kh7 26. Nxd6 Qxd6 27. dxe5 Qg6
28. Bg3 Nd5 29. R3e2 Re6 30. Qd4 b6 31. b4 Rd8 32. Rd2 h5 33. h3 a6 34. Qe4 Kg7
35. Bf2 Qxe4 36. fxe4 Rxe5 37. Bd4 Nf6 38. Bxe5 Rxd2 39. Rf1 1-0

[Event "Titled Tue 1st Jul Early"]
[Site "chess.com INT"]
[Date "2025.07.01"]
[Round "9"]
[White "Vifleemskaia, Svetlana"]
[Black "Jakovljevic, Dejan"]
[Result "1-0"]
[WhiteTitle "WFM"]
[BlackTitle "CM"]
[WhiteElo "1942"]
[BlackElo "1956"]
[WhiteFideId "4129490"]
[BlackFideId "949418"]
[EventDate "2025.07.01"]

1. d4 Nf6 2. c4 e5 3. dxe5 Ng4 4. Bf4 Nc6 5. Nf3 Bb4+ 6. Nbd2 Qe7 7. a3 Ngxe5 8.
Nxe5 Nxe5 9. e3 Bxd2+ 10. Qxd2 d6 11. Be2 b6 12. O-O O-O 13. b4 a5 14. c5 bxc5
15. bxc5 dxc5 16. Qc3 Ng6 17. Bg3 Ba6 18. Bc4 h5 19. h3 h4 20. Bh2 Rfe8 21. Rfc1
Ne5 22. Bxa6 Rxa6 23. Qxc5 Qf6 24. Qxc7 Nd3 25. Rf1 Rc6 26. Qxa5 Rc2 27. Bf4
Rxf2 28. Qg5 Rxf1+ 29. Rxf1 Qxg5 30. Bxg5 f6 31. Bxh4 Rxe3 32. Ra1 Ne5 33. Bf2
Re2 34. a4 Nd3 35. Bg3 Re3 36. Kh2 Re6 37. a5 Ra6 38. Bc7 Nc5 39. Bb6 Nd7 40.
Rb1 Nxb6 41. axb6 Ra8 42. b7 Rb8 43. Kg3 Kf7 44. Kf4 g6 45. g4 Ke7 46. h4 Kf7
47. Rb6 1-0

[Event "Titled Tue 1st Jul Early"]
[Site "chess.com INT"]
[Date "2025.07.01"]
[Round "9"]
[White "Preobrazhenskaya, Diana"]
[Black "Loftgaard, Mikkel Vinh"]
[Result "1-0"]
[WhiteTitle "WFM"]
[BlackTitle "FM"]
[WhiteElo "2029"]
[BlackElo "2281"]
[WhiteFideId "34270566"]
[BlackFideId "1468480"]
[EventDate "2025.07.01"]

1. e4 c5 2. Nf3 e6 3. d4 cxd4 4. Nxd4 Nf6 5. Nc3 Nc6 6. Nxc6 bxc6 7. e5 Nd5 8.
Ne4 Qc7 9. f4 Qb6 10. a3 Be7 11. c4 Ne3 12. Qd3 Nxf1 13. Rxf1 c5 14. Rf2 Bb7 15.
Be3 Qa5+ 16. Kf1 O-O 17. Rf3 Rfd8 18. Rh3 h6 19. f5 d6 20. Nf6+ Bxf6 21. exf6
exf5 22. Bd2 Qc7 23. Qg3 Kf8 24. Qxg7+ Ke8 25. Re1+ Kd7 26. Re7+ Kc6 27. Rxc7+
Kxc7 28. Ba5+ Kc6 29. Bxd8 Rxd8 30. Qxf7 Kb6 31. Qe7 Rg8 32. Rb3+ 1-0